Racionalizácia gastronomickej prevádzky aperitív bar bakalárska práca

Guardado en:
Detalles Bibliográficos
Autor principal: Vizinová, Klaudia
Autor Corporativo: Obchodná fakulta EU. Katedra služieb a cestovného ruchu - zrušené
Otros Autores: Staňo, Roman
Formato: Libro
Lenguaje:eslovaco
Publicado: Bratislava 2021
Etiquetas: Agregar Etiqueta
Sin Etiquetas, Sea el primero en etiquetar este registro!

MARC

LEADER 00000nbm a2200000 4500
001 0275937
005 20220203121227.4
041 0 |a slo 
044 |a SK 
245 1 0 |a Racionalizácia gastronomickej prevádzky aperitív bar  |b bakalárska práca  |c Klaudia Vizinová ; školiteľ: Roman Staňo 
264 1 |a Bratislava  |c 2021 
300 |a 48 s. 
100 1 |a Vizinová, Klaudia 
700 1 |a Staňo, Roman 
710 2 |a Obchodná fakulta EU. Katedra služieb a cestovného ruchu - zrušené